[Event "Prague Menchik Memorial rapid"]
[Site "Prague"]
[Date "2018.06.10"]
[Round "4"]
[White "Bily, Michal"]
[Black "Kozusek, Daniel"]
[Result "0-1"]
[WhiteElo "1804"]
[BlackElo "2297"]
[PlyCount "58"]
[EventDate "2018.06.10"]
[EventType "swiss (rapid)"]
[EventRounds "9"]
[EventCountry "CZE"]
[SourceTitle "CBM 184 Extra"]
[Source "ChessBase"]
[SourceDate "2018.06.28"]
[SourceVersion "1"]
[SourceVersionDate "2018.06.28"]
[SourceQuality "1"]

1. f4 g6 2. Nf3 Bg7 3. g3 d6 4. Bg2 e5 5. fxe5 dxe5 6. e4 Nc6 7. d3 Bg4 8. 0-0 Qd7 9. Nc3 Nge7 10. Be3 0-0-0 11. Qc1 f6 12. b4 h5 13. b5 Nd4 14. Bxd4 exd4 15. Ne2 h4 16. Qa3 Kb8 17. Rab1 hxg3 18. Nxg3 f5 19. Ng5 Bh6 20. h4 Bxg5 21. hxg5 Bh3 22. Rb4 Qd6 23. Ne2 Bxg2 24. Rf4 Bh3 25. Qb2 Bg4 26. Rxd4 Qc5 27. Rxg4 fxg4 28. Kg2 Rxd4 29. Nxd4 Qe5 0-1